[Event "1st Tungsram it"]
[Site "Budapest HUN"]
[Date "1975.04.??"]
[Round "15"]
[White "Bilek, Istvan"]
[WhiteElo "2495"]
[Black "Farago, Ivan"]
[BlackElo "2460"]
[Result "1/2-1/2"]
[EventDate "1975.03.18"]
[PlyCount "56"]

1.Nf3 Nf6 2.g3 d5 3.Bg2 Nbd7 4.O-O e5 5.d3 Be7 6.Nbd2 O-O 7.e4 dxe4 8.Nxe4
Nxe4 9.dxe4 c6 10.Qe2 Qc7 11.b3 Re8 12.Bb2 Bc5 13.Rad1 b5 14.Kh1 Nf6 15.
Ne1 a5 16.Nd3 Bd4 17.c3 Bb6 18.c4 bxc4 19.bxc4 Ba6 20.Rc1 Bd4 21.Bxd4 exd4
22.e5 Nd7 23.f4 Rad8 24.c5 Nf6 25.Rfd1 Nd5 26.Bxd5 Rxd5 27.Qg4 Bxd3 28.
Rxd3 1/2-1/2

[Event "1st Tungsram it"]
[Site "Budapest HUN"]
[Date "1975.04.??"]
[Round "15"]
[White "Mariotti, Sergio"]
[WhiteElo "2495"]
[Black "Poutiainen, Pertti"]
[BlackElo "2395"]
[Result "0-1"]
[EventDate "1975.03.18"]
[PlyCount "128"]

1.d4 g6 2.e4 Bg7 3.c3 d6 4.f4 Nf6 5.e5 dxe5 6.fxe5 Nd5 7.Nf3 O-O 8.Bc4 Nb6
9.Bb3 c5 10.dxc5 Qxd1+ 11.Kxd1 N6d7 12.e6 Nxc5 13.exf7+ Kh8 14.Be3 Nxb3 
15.axb3 Nc6 16.b4 Bg4 17.Nd2 Ne5 18.h3 Bxf3+ 19.Nxf3 Nxf3 20.gxf3 a6 21.
Ke2 Rxf7 22.Rad1 e5 23.Rd5 Raf8 24.Bc5 Re8 25.Rhd1 h5 26.Rd8 Rxd8 27.Rxd8+
Kh7 28.Be3 Bh6 29.Rd5 Bf4 30.b5 axb5 31.Rxb5 Kg7 32.Rb6 Rd7 33.c4 Kh6 34.
Bxf4+ exf4 35.h4 Kg7 36.c5 Kf7 37.b4 Kg7 38.Re6 Kf7 39.Re4 g5 40.hxg5 Kg6 
41.Rxf4 Kxg5 42.Rc4 h4 43.b5 Rc7 44.c6 bxc6 45.bxc6 Kf5 46.Kf2 Ke5 47.Kg2 
Kd5 48.Rc1 Kd4 49.Rd1+ Ke5 50.Re1+ Kd5 51.Rc1 Kd4 52.Kh3 Ke3 53.Kg4 Rc8 
54.Rc3+ Kd4 55.Rc2 Ke3 56.c7 h3 57.f4 Ke4 58.Re2+ Kd3 59.Rh2 Ke4 60.Re2+ 
Kd3 61.Re1 h2 62.f5 Rxc7 63.Kg5 Rg7+ 64.Kf4 Rg1 0-1